• 首页
  • 本馆介绍
  • 公告通知
  • 最新文献
  • 馆藏检索
  • 电子资源
  • 读者导购
  • 参考咨询
  • 我的图书馆
  • 登录
  • 详细信息显示
  • 放入我的书架
  • 预约/预借图书
  • 作者相关作品
  • 分类相关作品
  • 丛书相关作品
  • 出版社相关作品

书目信息

  • 表格格式
  • 工作单格式
  • 卡片格式
题名:
资本下乡
    
 
作者: 刘义强 著
分册:  
出版信息: 广州   世界图书出版广东有限公司  2016
页数: 278页
开本: 24cm
丛书名:
单 册:
中图分类: D638
科图分类:
主题词: 农村--群众自治--研究--中国
电子资源:
ISBN: 978-7-5192-2314-4
000 01120nam0 2200265 450
001 012001000739
005 20140920091302.0
010    @a978-7-5192-2314-4@dCNY54.00
100    @a20170427d2016 em y0chiy50 ea
101 0  @achi
102    @aCN@b440000
105    @aa z 000yy
106    @ar
200 1  @a资本下乡@9Zi Ben Xia Xiang@e城镇化进程中的的乡村治理@dCapital to the countryside@erural governance in the process of urbanization@zeng@f刘义强等著
210    @a广州@c世界图书出版广东有限公司@d2016
215    @a278页@c图@d24cm
300    @a国家社会科学基金重大项目“在社会管理体制创新中推动基层民主发展”(11&ZD029) 阶段性成果; 国家社会科学基金“村民自治中的重难点治理研究”(09BZZ006) 阶段性成果
330    @a本书分三编十二章,内容包括:涉农公司与村治;资本嵌入差异下的村庄治理;地权变动与村治等。
510 1  @aCapital to the countryside@zeng
517 1  @a城镇化进程的的乡村治理@9Cheng Zhen Hua Jin Cheng De De Xiang Cun Zhi Li
606 0  @a农村@x群众自治@x研究@y中国
690    @aD638@v5
701  0 @a刘义强@9Liu Yi Qiang@4著
801  0 @aCN@b上海新华@c20180901
905    @b1155315-19@dD638@e358@f5
    
    资本下乡:城镇化进程中的的乡村治理=Capital to the countryside:rural governance in the process of urbanization/刘义强等著.-广州:世界图书出版广东有限公司,2016
    278页:图;24cm
    国家社会科学基金重大项目“在社会管理体制创新中推动基层民主发展”(11&ZD029) 阶段性成果; 国家社会科学基金“村民自治中的重难点治理研究”(09BZZ006) 阶段性成果
    
    ISBN 978-7-5192-2314-4:CNY54.00
    本书分三编十二章,内容包括:涉农公司与村治;资本嵌入差异下的村庄治理;地权变动与村治等。
●
相关链接 在E读中查询图书 在五车中查询图书 在当当中查询图书 在豆瓣中查询图书


正题名:资本下乡     索取号:D638/358         预约/预借

序号 登录号 条形码 馆藏地/架位号 状态 备注
1 1155315   211553157   第一样本阅览室/ [索取号:D638/358] 在馆    
2 1155316   211553166   第一借阅区/ [索取号:D638/358] 在馆    
3 1155317   211553175   第一借阅区/ [索取号:D638/358] 在馆    
4 1155318   211553184   密集书库-史法系/ [索取号:D638/358] 在馆    
5 1155319   211553193   第一借阅区/ [索取号:D638/358] 在馆    
唐山师范学院图书馆 欢迎您!
大连网信软件有限公司© 版权所有